000
00261nam a2200109Ia 4500
008
200302s9999 xx 000 0 und d
100
_a
Franca Santi Gualteri
245
_a
Abitare Annual 9
260
_b
Editrice Abitare Segesta
260
_c
1994
300
_a
291 P.,
999
_c
980
_d
980